Atsız Bey : (Record no. 9919)
| 000 -BAŞLIK | |
|---|---|
| Sabit Uzunluktaki Kontrol Alanı | 02040nam a22003617a 4500 |
| 001 - KONTROL NUMARASI | |
| Control Dosyası | 0009947 |
| 003 - KONTROL NUMARASI KİMLİĞİ | |
| Kontrol Alanı | KOHA_MİRAKIL |
| 005 - EN SON İŞLEM TARİHİ ve ZAMANI | |
| Kontrol Alanı | 20260207001727.0 |
| 007 - FİZİKSEL TANIM SABİT ALAN - GENEL BİLGİ | |
| Sabit uzunluklu kontrol alanı | ta |
| 008 - SABİT UZUNLUKTAKİ VERİ ÖGELERİ - GENEL BİLGİ | |
| Sabit Alan | 091027b2007 tu |||gr||||#0|||1|tur | |
| 020 ## - ISBN - ULUSLARARASI STANDART KİTAP NUMARASI | |
| Isbn | 9789754376326 |
| 040 ## - KATALOGLAMA KAYNAĞI | |
| Özgün Kataloglama Kurumu | TR-BiSEU |
| Kataloglama Dili | tur |
| Çeviri Kurumu | TR-BiSEU |
| Açıklama Kuralları | rda |
| 041 0# - DİL KODU | |
| Metin ya da ses kaydının dil kodu | tur |
| 044 ## - YAYINLAYAN/ÜRETEN KURULUŞUN ÜLKE KODU | |
| ISO country code | tu |
| 050 ## - SINIFLAMA ve YER NUMARASI | |
| Sınıflama Numarası | PL248.O93 |
| Yer Numarası | A87 2007 |
| 100 1# - KİŞİ ADI | |
| Yazar Adı (Kişi adı) | Özdemir, Cihan. |
| 245 1# - ESER ADI BİLDİRİMİ | |
| Başlık | Atsız Bey : |
| Alt Eseradı vb. | Hüseyin Nihal Atsız'ın hayatı, fikirleri ve romanları üzerine bir inceleme/ |
| Sorumluluk Bildirimi | Cihan Özdemir ; Cihan Özdemir. |
| 264 #1 - ÜRERİM, YAYIN, DAĞITIM ve TELİF BİLDİRİMİ | |
| Yayın yeri | Ankara : |
| Yayınlayan | Ötüken Neşriyat |
| Yayın tarihi | 2007 |
| 300 ## - FİZİKSEL TANIMLAMA | |
| Sayfa, Cilt vb. | 437 sayfa; 20 cm. |
| 336 ## - İÇERİK TÜRÜ | |
| Content type term | metin |
| Content type code | txt |
| Source | rdacontent |
| 337 ## - MEDYA TÜRÜ | |
| Media type term | aracısız |
| Media type code | n |
| Source | rdamedia |
| 338 ## - TAŞIYICI TÜRÜ | |
| Carrier type term | cilt |
| Carrier type code | nc |
| Source | rdacarrier |
| 490 1# - DİZİ BİLDİRİMİ | |
| Dizi Bildirimi | Yayın Nu ; |
| Cilt Numarası | 687. |
| 490 1# - DİZİ BİLDİRİMİ | |
| Dizi Bildirimi | Kültür serisi ; |
| Cilt Numarası | 340. |
| 500 ## - GENEL NOT | |
| Genel Not | Kaynakça var. |
| 505 ## - İÇİNDEKİLER NOTU | |
| İçindekiler Notu | "Rahmetli Fethi Gemuhluoğlu, onu son yolculuğuna uğurladığında "Gerçek bir er kişinin cenaze namazını kıldık..." demişti. Atsız Bey, etki alanına giren yoldaşları nazarında daima "er kişi" örneği olmuş, kendilerine ülkü olarak Türklüğü ve Türk Milliyetçiliğini göstermiş, yüksek ahlakî erdemlerle donanmış devlet şuuruna sahip şahsiyetler olarak yetişmeleri için eserler vermiş, hayatını bu yola vakfetmiş ve ardında böyle bir iz bırakmıştır. Bu çalışma Atsız Bey'in hayatının ve şahsiyetinin ana çizgilerini ortaya koyuyor. Romanlarında, zaman ve mekân ne olursa olsun, ele aldığı konular ve yücelttiği tiplerde nesillerin örnek alabileceği erdemli davranışları, aşkı, şahsî ahlakı, ferdin devlet ve siyaset karşısındaki tavır ve konumunu, milletine karşı sorumluluğunu keskin ve çarpıcı hatlarıyla gözler önüne seriyor." |
| 650 #0 - KONU BAŞLIĞI EK GİRİŞ - KONU TERİMİ | |
| Konusal terim veya coğrafi ad | Atsız, Hüseyin Nihal, 1905-1975. |
| 9 (RLIN) | 24538 |
| 650 #0 - KONU BAŞLIĞI EK GİRİŞ - KONU TERİMİ | |
| Konusal terim veya coğrafi ad | Turkish literature--History and criticism. |
| 9 (RLIN) | 9974 |
| 830 1# - SERİ EK GİRİŞİ - TEKBİÇİM ESER ADI | |
| Tekbiçim Başlık | Yayın Nu ; |
| Volume number/sequential designation | 687. |
| 9 (RLIN) | 6553 |
| 830 1# - SERİ EK GİRİŞİ - TEKBİÇİM ESER ADI | |
| Tekbiçim Başlık | Kültür serisi ; |
| Volume number/sequential designation | 340. |
| 9 (RLIN) | 5523 |
| 907 ## - LOCAL DATA ELEMENT G, LDG (RLIN) | |
| a | Roman |
| 942 ## - EK GİRİŞ ÖGELERİ (KOHA) | |
| Source of classification or shelving scheme | Library of Congress Classification |
| Koha item type | Book |
| 505 ## - İÇİNDEKİLER NOTU | |
| -- | |
| -- | |
| -- | |
| -- | |
| -- | |
| -- | |
| -- | |
| Materyal Türü | Kalıcı Konum | Mevcut Konum | Raf Yeri | Sınıflandırma Kaynağı | Edinim Bilgisi | Ana Konular | Alt Konular | Yer Numarası | Demirbaş Numarası | Fatura Tarihi | Maliyet, Alış Fiyatı | Maliyet, Yenileme Fiyatı | Geri Çekilme Durumu | Kayıp Durumu | Hasarlı Durumu | Kredi için değil | Kayıt Tarih | Toplam Ödünçverme | Son Görülme Tarihi | Son Kontrol Tarihi | Genel / Bağış Notu |
|---|---|---|---|---|---|---|---|---|---|---|---|---|---|---|---|---|---|---|---|---|---|
| Book | Prof. Dr. Azmi Özcan Kütüphanesi | Prof. Dr. Azmi Özcan Kütüphanesi | Birûni Salonu | Library of Congress Classification | Bağış | DİL VE EDEBİYAT | Doğu Asya, Afrika, Okyanusya Dilleri ve Edebiyatları | PL248.O93 A87 2007 | 0009947 | 13/08/2010 | 15.00 | 15.00 | 27/10/2009 | 20 | 05/12/2024 | 05/12/2024 | Ötüken Yayınevi |
